01218nam a2200193Ia 4500001001100000003001000011008004100021040002500062041001200087100003200099245012400131250001100255260005100266300002700317500026600344501011400610520026600724650003400990L240-13257IT-CnALBA170116s9999||||xx |||||||||||||| ||und|| aIT-CnALBAcIT-CnALBA aLATINO  aMICHELETTI M. ANDREAS, SAC. 0aDE SUPERIORE COMMUNITATUM RELIGIOSARUM. MANUALE ASCETICUM, CANONICUM, AC REGIMINIS IUXTA SS. RR. CONGR. NOVISSIMAS ...  a1a ed. a PARIS RO RA.bHERDER- PUNTET COEDITORI cn.d. a656 p. (prefazione: 7) a... LEGES DEGESTUM. INDICE ANALITICO. SANTITÀ DEL SUPERIORE. UMILTÀ TESTIMONIANZA RESIDENZA. PAZIENZA CARITÀ FORTEZZA. SPIRITO D'ORAZIONE. PRUDENZA GIUSTIZIA SCIENZA. OPERE DEL SUPERIORE. RELAZIONI CON I SUPRIORI E I COLLEGHI. RAPPORTI DEL SUPERIORE CON I aSocietà San Paolo EM - Piazza San Paolo, 14 - 12051 ALBA (CN) (non commercial uses only) ® Copyright 2017 a... LEGES DEGESTUM. INDICE ANALITICO. SANTITÀ DEL SUPERIORE. UMILTÀ TESTIMONIANZA RESIDENZA. PAZIENZA CARITÀ FORTEZZA. SPIRITO D'ORAZIONE. PRUDENZA GIUSTIZIA SCIENZA. OPERE DEL SUPERIORE. RELAZIONI CON I SUPRIORI E I COLLEGHI. RAPPORTI DEL SUPERIORE CON I aTEOLOGIA SPIRITUALE CRISTIANA